| 000 | 00619naa a2200217 i 4500 | ||
|---|---|---|---|
| 001 | 95428 | ||
| 003 | ES-MaBCM | ||
| 005 | 20241016130229.0 | ||
| 008 | 040211s2003 fra 000 0 fre d | ||
| 021 | _axx | ||
| 035 | _a(OCoLC)1365249261 | ||
| 040 | _cES-MaBCM | ||
| 041 | 0 | _afre | |
| 043 | _afra | ||
| 245 | 0 | 0 | _aBalkans, vers un nouvel espace de coopération |
| 520 | _aDossier sobre el tema | ||
| 651 | 2 | 0 |
_aPaíses balcánicos _9119330 |
| 650 | 2 | 7 |
_aSituación política _960283 |
| 773 | 0 |
_aEn: _tLe courrier des Pays de l'Est _dParis : 2003 _w104826 _gnº 1.039, oct., p. 3-51. - Loc. S.328 |
|
| 942 | _cAREV | ||
| 999 |
_c95428 _d95428 |
||